Classement de la Ligue 1 2015-2016 - Statistiques

Statistiques générales
  • Ce quiz a été pris 124 fois
  • Le résultat moyen est 17 sur 20
Statistiques - réponses
Place Equipe Pts % Correct
2 Lyon 65
100%
1 Paris 96
100%
13 Marseille 48
99%
3 Monaco 65
99%
5 Lille 60
98%
8 Rennes 52
97%
11 Bordeaux 50
95%
4 Nice 63
94%
6 Saint-étienne 58
94%
12 Montpellier 49
87%
14 Nantes 48
86%
17 Toulouse 40
84%
9 Angers 50
78%
15 Lorient 46
77%
19 Ajaccio 37
73%
7 Caen 54
72%
10 Bastia 50
70%
18 Reims 39
68%
16 Guingamp 44
61%
20 Troyes 18
59%
Aucun quiz correspondant
Distribution des résultats
% des personnes avec chaque résultat
Percentile par nombre de réponses
Votre historique - résultats
Vous n’avez pas pris ce quiz